[Event "Titled Tuesday intern op 26th Sep Late"]
[Site "Chess.com INT"]
[Date "2023.09.26"]
[Round "9"]
[White "Polaczek, Richard"]
[Black "Rosen, Eric S"]
[Result "1-0"]
[WhiteElo "2302"]
[BlackElo "2341"]
[PlyCount "91"]
[EventDate "2023.09.26"]
[EventType "swiss (blitz)"]
[EventRounds "11"]
[EventCountry "USA"]
[SourceTitle "EXT 2024"]
[Source "ChessBase"]
[SourceDate "2023.10.10"]
[SourceVersion "1"]
[SourceVersionDate "2023.10.10"]
[SourceQuality "1"]

1. d4 d5 2. c4 e6 3. Nc3 Nf6 4. cxd5 exd5 5. Bg5 c6 6. Qc2 Bd6 7. e3 0-0 8. Bd3 h6 9. Bh4 Re8 10. Nge2 a5 11. h3 Na6 12. a3 Nc7 13. 0-0 Ne6 14. f3 Ng5 15. Bf2 Nxh3+ 16. gxh3 Bxh3 17. Bf5 Bxf1 18. Rxf1 Nh5 19. Bg4 g6 20. Bxh5 Qg5+ 21. Bg4 h5 22. Kg2 hxg4 23. f4 Qe7 24. Rh1 f5 25. Nc1 b5 26. Qd3 b4 27. axb4 axb4 28. N3e2 Qe4+ 29. Qxe4 Rxe4 30. Nd3 Ra6 31. Rc1 Kf7 32. Ne5+ Bxe5 33. dxe5 Rc4 34. Rh1 Rc2 35. Nd4 Rxb2 36. Rh7+ Kg8 37. Rb7 Raa2 38. Kg3 Rxf2 39. Kh4 Rh2+ 40. Kg5 g3 41. Rb8+ Kf7 42. Rb7+ Ke8 43. Ne6 Rh7 44. Rxb4 g2 45. Rb1 Re7 46. Kf6 1-0

[Event "Titled Tuesday intern op 19th Sep Early"]
[Site "Chess.com INT"]
[Date "2023.09.19"]
[Round "11"]
[White "Heinechen, John"]
[Black "Polaczek, Richard"]
[Result "0-1"]
[WhiteElo "1957"]
[BlackElo "2302"]
[PlyCount "112"]
[EventDate "2023.09.19"]
[EventType "swiss (blitz)"]
[EventRounds "11"]
[EventCountry "USA"]
[SourceTitle "EXT 2024"]
[Source "ChessBase"]
[SourceDate "2023.10.10"]
[SourceVersion "1"]
[SourceVersionDate "2023.10.10"]
[SourceQuality "1"]

1. e4 Nf6 2. Nc3 d5 3. d4 e6 4. e5 Nfd7 5. Nf3 c5 6. dxc5 Nc6 7. Bb5 Bxc5 8. 0-0 0-0 9. Qe2 Qc7 10. Bf4 f6 11. Bxc6 bxc6 12. exf6 Qxf4 13. Qxe6+ Kh8 14. fxg7+ Kxg7 15. Qxc6 Rb8 16. Nxd5 Qh6 17. Ne5 Qxc6 18. Nxc6 Rxb2 19. Ne3 Bxe3 20. fxe3 Rxf1+ 21. Rxf1 Rxc2 22. Nxa7 Bb7 23. Rf2 Rc1+ 24. Rf1 Rc2 25. Rf2 Rc3 26. Re2 Ne5 27. Nb5 Rc1+ 28. Kf2 Ra1 29. Nd6 Ba6 30. Rd2 Nd3+ 31. Kg3 Re1 32. Kg4 Kf6 33. Ne4+ Ke5 34. Ng5 Rxe3 35. Nxh7 Bc8+ 36. Kh4 Bf5 37. Ng5 Nf4 38. Nf3+ Kf6 39. Kg3 Nh5+ 40. Kh4 Nf4 41. Rd6+ Ke7 42. Ra6 Nxg2+ 43. Kg3 Ne1 44. Kf4 Rxf3+ 45. Ke5 Bd7 46. Ra7 Rf2 47. h4 Re2+ 48. Kf4 Nd3+ 49. Kg5 Rg2+ 50. Kh6 Nf4 51. a4 Ke6 52. Ra6+ Kf5 53. Ra5+ Kf6 54. Ra6+ Be6 55. a5 Rg4 56. h5 Rh4 0-1

[Event "Titled Tuesday intern op 19th Sep Late"]
[Site "Chess.com INT"]
[Date "2023.09.19"]
[Round "6"]
[White "Polaczek, Richard"]
[Black "Reprintsev, Alexander"]
[Result "1/2-1/2"]
[WhiteElo "2302"]
[BlackElo "2227"]
[PlyCount "85"]
[EventDate "2023.09.19"]
[EventType "swiss (blitz)"]
[EventRounds "11"]
[EventCountry "USA"]
[SourceTitle "EXT 2024"]
[Source "ChessBase"]
[SourceDate "2023.10.10"]
[SourceVersion "1"]
[SourceVersionDate "2023.10.10"]
[SourceQuality "1"]

1. d4 d5 2. c4 e5 3. dxe5 d4 4. Nf3 Nc6 5. a3 g6 6. Bf4 h6 7. h3 Bg7 8. Nbd2 f6 9. exf6 Nxf6 10. g4 0-0 11. Qc2 d3 12. Qxd3 Qxd3 13. exd3 Nxg4 14. Bxc7 Bxb2 15. Rb1 Re8+ 16. Be2 Nge5 17. Nxe5 Bxe5 18. Bxe5 Nxe5 19. Kf1 b6 20. d4 Nc6 21. Bf3 Bb7 22. Kg2 Rac8 23. Nb3 Ba8 24. Bd5+ Kg7 25. Rhe1 Kf6 26. Bxc6 Bxc6+ 27. d5 Bd7 28. Nd2 Bf5 29. Rbc1 Rxe1 30. Rxe1 g5 31. Kg3 b5 32. cxb5 Rc5 33. Ne4+ Bxe4 34. Rxe4 Rxb5 35. Re6+ Kf5 36. Ra6 Rxd5 37. Rxa7 Rd3+ 38. f3 h5 39. Ra5+ Kf6 40. Ra6+ Kf5 41. Ra5+ Kf6 42. Ra6+ Kf5 43. Ra5+ 1/2-1/2

[Event "Titled Tuesday intern op 19th Sep Late"]
[Site "Chess.com INT"]
[Date "2023.09.19"]
[Round "2"]
[White "Polaczek, Richard"]
[Black "Wisniowski, Natalie"]
[Result "0-1"]
[WhiteElo "2302"]
[BlackElo "1896"]
[PlyCount "78"]
[EventDate "2023.09.19"]
[EventType "swiss (blitz)"]
[EventRounds "11"]
[EventCountry "USA"]
[SourceTitle "EXT 2024"]
[Source "ChessBase"]
[SourceDate "2023.10.10"]
[SourceVersion "1"]
[SourceVersionDate "2023.10.10"]
[SourceQuality "1"]

1. d4 Nf6 2. Bg5 e6 3. e4 Be7 4. Bd3 0-0 5. f4 h6 6. Bh4 b6 7. Nd2 Bb7 8. Ngf3 d6 9. c3 Nbd7 10. 0-0 c5 11. Qe2 Rc8 12. a3 d5 13. e5 Ne8 14. Bxe7 Qxe7 15. f5 exf5 16. Bxf5 Nc7 17. Bxd7 Qxd7 18. Nh4 cxd4 19. cxd4 Ne6 20. Nf5 Rc2 21. Qd3 Rfc8 22. Rf2 Rxb2 23. Raf1 Rcc2 24. Nd6 Nd8 25. Qe3 Ba6 26. Nxf7 Bxf1 27. Nxh6+ gxh6 28. Qxh6 Qg7 29. Qd6 Nf7 30. Qxd5 Rxd2 31. Rxd2 Rxd2 32. Kxf1 Rd1+ 33. Kf2 Rd2+ 34. Kf1 Rb2 35. Qa8+ Kh7 36. Qe4+ Kh8 37. Qh4+ Kg8 38. Qe7 Qxg2+ 39. Ke1 Qe2# 0-1

[Event "Titled Tuesday intern op 19th Sep Late"]
[Site "Chess.com INT"]
[Date "2023.09.19"]
[Round "3"]
[White "Sarkar, Justin"]
[Black "Polaczek, Richard"]
[Result "1/2-1/2"]
[WhiteElo "2290"]
[BlackElo "2302"]
[PlyCount "85"]
[EventDate "2023.09.19"]
[EventType "swiss (blitz)"]
[EventRounds "11"]
[EventCountry "USA"]
[SourceTitle "EXT 2024"]
[Source "ChessBase"]
[SourceDate "2023.10.10"]
[SourceVersion "1"]
[SourceVersionDate "2023.10.10"]
[SourceQuality "1"]

1. d4 Nf6 2. c4 e6 3. Nf3 d5 4. Nbd2 c5 5. cxd5 exd5 6. dxc5 Bxc5 7. Nb3 Bb6 8. Bf4 Nc6 9. e3 0-0 10. Be2 Bg4 11. 0-0 Re8 12. h3 Bh5 13. Rc1 Ne4 14. Nfd4 Bxe2 15. Nxe2 Qf6 16. Nbd4 Nxd4 17. Nxd4 Bxd4 18. Qxd4 Qxd4 19. exd4 Rac8 20. f3 Nf6 21. Kf2 h6 22. Rxc8 Rxc8 23. Rc1 Rxc1 24. Bxc1 Kf8 25. Bf4 Ke7 26. Be5 Ne8 27. Ke3 f6 28. Bb8 a6 29. a4 g6 30. g4 Ng7 31. Bg3 Ne6 32. h4 f5 33. Be5 h5 34. g5 Kd7 35. b4 b5 36. axb5 axb5 37. f4 Nd8 38. Kd3 Nc6 39. Kc3 Ke6 40. Bf6 Kd7 41. Be5 Ke6 42. Bf6 Kd7 43. Be5 1/2-1/2

[Event "Titled Tuesday intern op 19th Sep Late"]
[Site "Chess.com INT"]
[Date "2023.09.19"]
[Round "5"]
[White "Spichkin, Alexander"]
[Black "Polaczek, Richard"]
[Result "0-1"]
[WhiteElo "2052"]
[BlackElo "2302"]
[PlyCount "29"]
[EventDate "2023.09.19"]
[EventType "swiss (blitz)"]
[EventRounds "11"]
[EventCountry "USA"]
[SourceTitle "EXT 2024"]
[Source "ChessBase"]
[SourceDate "2023.10.10"]
[SourceVersion "1"]
[SourceVersionDate "2023.10.10"]
[SourceQuality "1"]

1. f4 d5 2. Nf3 c6 3. e3 Bg4 4. b3 Nd7 5. Be2 Qc7 6. Bb2 Bxf3 7. 0-0 Bxe2 8. Qxe2 e5 9. d3 Ngf6 10. fxe5 Nxe5 11. e4 dxe4 12. Nd2 0-0-0 13. Rf5 Ng6 14. Nc4 exd3 15. Raf1 0-1

[Event "Titled Tuesday intern op 12th Sep Late"]
[Site "Chess.com INT"]
[Date "2023.09.12"]
[Round "8"]
[White "Polaczek, Richard"]
[Black "Cuenca Jimenez, Jose Fernando"]
[Result "1-0"]
[WhiteElo "2302"]
[BlackElo "2500"]
[PlyCount "79"]
[EventDate "2023.09.12"]
[EventType "swiss (blitz)"]
[EventRounds "11"]
[EventCountry "USA"]
[SourceTitle "EXT 2024"]
[Source "ChessBase"]
[SourceDate "2023.10.10"]
[SourceVersion "1"]
[SourceVersionDate "2023.10.10"]
[SourceQuality "1"]

1. d4 d6 2. e4 Nf6 3. Nc3 e5 4. Nge2 Be7 5. g3 0-0 6. Bg2 c6 7. a4 a5 8. 0-0 Na6 9. h3 Nb4 10. Be3 exd4 11. Bxd4 d5 12. e5 Ne8 13. f4 f6 14. exf6 Bxf6 15. Qd2 Nd6 16. b3 Nf5 17. Bxf6 Qxf6 18. Rad1 Bd7 19. g4 Nh4 20. Nd4 Rae8 21. f5 h6 22. Nce2 c5 23. c3 Nxg2 24. Kxg2 Na6 25. Nf3 Bc6 26. Kg3 Nc7 27. Nf4 Qd6 28. Rfe1 b6 29. Rxe8 Rxe8 30. Re1 Rxe1 31. Qxe1 d4 32. cxd4 cxd4 33. Qe5 Qxe5 34. Nxe5 Be4 35. Nd7 Na8 36. Ne6 Bc2 37. Nxd4 Bd1 38. Kf4 Kf7 39. Ke5 Ke7 40. Nb8 1-0

[Event "Titled Tuesday intern op 05th Sep Late"]
[Site "Chess.com INT"]
[Date "2023.09.05"]
[Round "4"]
[White "Polaczek, Richard"]
[Black "Vovk, Orest"]
[Result "1-0"]
[WhiteElo "2302"]
[BlackElo "2315"]
[PlyCount "71"]
[EventDate "2023.09.05"]
[EventType "swiss (blitz)"]
[EventRounds "11"]
[EventCountry "USA"]
[SourceTitle "EXT 2024"]
[Source "ChessBase"]
[SourceDate "2023.10.10"]
[SourceVersion "1"]
[SourceVersionDate "2023.10.10"]
[SourceQuality "1"]

1. d4 g6 2. e4 Nf6 3. e5 Nh5 4. Nf3 d6 5. Bc4 Bg7 6. h3 dxe5 7. Nxe5 Bxe5 8. dxe5 Qxd1+ 9. Kxd1 Be6 10. Bxe6 fxe6 11. Nd2 Nc6 12. Nf3 0-0-0+ 13. Ke2 Nd4+ 14. Nxd4 Rxd4 15. Be3 Rd5 16. g4 Ng7 17. f4 g5 18. c4 Ra5 19. a4 gxf4 20. Bxf4 c5 21. Bh6 Ne8 22. Rhf1 Ra6 23. Rf7 Rb6 24. Rd1 Rxb2+ 25. Rd2 Rb3 26. h4 Rg3 27. g5 Rg2+ 28. Ke1 Rxd2 29. Kxd2 Kd8 30. Bf8 Nc7 31. Bxe7+ Ke8 32. Rg7 Na6 33. Bd6 Nb4 34. Rxb7 Nc6 35. Rc7 Nd8 36. Re7+ 1-0

[Event "Titled Tuesday intern op 29th Aug Early"]
[Site "Chess.com INT"]
[Date "2023.08.29"]
[Round "9"]
[White "Polaczek, Richard"]
[Black "Hrescak, Ivana"]
[Result "1-0"]
[WhiteElo "2302"]
[BlackElo "2117"]
[PlyCount "63"]
[EventDate "2023.08.29"]
[EventType "swiss (blitz)"]
[EventRounds "11"]
[EventCountry "USA"]
[SourceTitle "EXT 2024"]
[Source "ChessBase"]
[SourceDate "2023.10.10"]
[SourceVersion "1"]
[SourceVersionDate "2023.10.10"]
[SourceQuality "1"]

1. d4 d5 2. c4 c6 3. Nf3 Nf6 4. Nc3 dxc4 5. e3 b5 6. a4 b4 7. Na2 e6 8. Bxc4 Nbd7 9. 0-0 Bb7 10. Qe2 Be7 11. Bd2 a5 12. Nc1 0-0 13. Nb3 c5 14. Rfd1 Qb6 15. Be1 Rfd8 16. Bb5 Rac8 17. Nfd2 Qa7 18. Nc4 Ne4 19. Nbxa5 Ba8 20. f3 Nd6 21. Nxd6 Bxd6 22. Nc4 Bb8 23. Bf2 Nf6 24. dxc5 Qxc5 25. Rxd8+ Rxd8 26. Rd1 Rc8 27. e4 Qh5 28. Nd6 Bxd6 29. Rxd6 Qe5 30. Qd2 b3 31. Rd8+ Ne8 32. Rxc8 1-0

[Event "Titled Tuesday intern op 29th Aug Early"]
[Site "Chess.com INT"]
[Date "2023.08.29"]
[Round "3"]
[White "Wang, Alexander J"]
[Black "Polaczek, Richard"]
[Result "0-1"]
[WhiteElo "1841"]
[BlackElo "2302"]
[PlyCount "74"]
[EventDate "2023.08.29"]
[EventType "swiss (blitz)"]
[EventRounds "11"]
[EventCountry "USA"]
[SourceTitle "EXT 2024"]
[Source "ChessBase"]
[SourceDate "2023.10.10"]
[SourceVersion "1"]
[SourceVersionDate "2023.10.10"]
[SourceQuality "1"]

1. e4 Nf6 2. e5 Nd5 3. d4 d6 4. c4 Nb6 5. exd6 cxd6 6. Nc3 g6 7. Nf3 Bg7 8. Be2 0-0 9. 0-0 Nc6 10. b3 Bg4 11. Be3 d5 12. c5 Nc8 13. a3 e6 14. b4 a6 15. Rb1 N8e7 16. Qd2 Bxf3 17. Bxf3 Nf5 18. Rfd1 Ncxd4 19. Bxd4 Nxd4 20. Qe3 Qf6 21. Ne2 Nxf3+ 22. Qxf3 Qxf3 23. gxf3 Rfc8 24. Rdc1 Kf8 25. f4 Ke7 26. Nc3 Bh6 27. Na4 Bxf4 28. Rd1 Bc7 29. Re1 Kd7 30. Nc3 Bf4 31. Na4 Bc7 32. Rbd1 Kc6 33. Nc3 a5 34. Ra1 b6 35. Rac1 bxc5 36. bxc5 a4 37. Red1 Rcb8 0-1

[Event "Speed Chess Q2 Sw"]
[Site "Chess.com INT"]
[Date "2023.08.23"]
[Round "14"]
[White "Iskusnyh, Sergei"]
[Black "Polaczek, Richard"]
[Result "1-0"]
[WhiteElo "2440"]
[BlackElo "2302"]
[PlyCount "41"]
[EventDate "2023.08.23"]
[EventType "swiss (blitz)"]
[EventRounds "14"]
[EventCountry "USA"]
[SourceTitle "CBM 215 Extra"]
[Source "ChessBase"]
[SourceDate "2023.09.30"]
[SourceVersion "1"]
[SourceVersionDate "2023.09.30"]
[SourceQuality "1"]

1. d4 Nf6 2. c4 e6 3. g3 d5 4. Bg2 dxc4 5. Nf3 Bd7 6. Ne5 Bc6 7. Nxc6 Nxc6 8. e3 Qd7 9. 0-0 Rb8 10. a4 Na5 11. Nd2 c5 12. Qc2 cxd4 13. exd4 Rc8 14. Ne4 Nd5 15. Nc3 Nb4 16. Qe4 Be7 17. Qg4 0-0 18. Bh6 Bf6 19. d5 Kh8 20. Bf4 exd5 21. Qxd7 1-0

[Event "Speed Chess Q2 Sw"]
[Site "Chess.com INT"]
[Date "2023.08.23"]
[Round "7"]
[White "Polaczek, Richard"]
[Black "Al Tarbosh, Ward"]
[Result "1-0"]
[WhiteElo "2302"]
[BlackElo "2280"]
[PlyCount "115"]
[EventDate "2023.08.23"]
[EventType "swiss (blitz)"]
[EventRounds "14"]
[EventCountry "USA"]
[SourceTitle "CBM 215 Extra"]
[Source "ChessBase"]
[SourceDate "2023.09.30"]
[SourceVersion "1"]
[SourceVersionDate "2023.09.30"]
[SourceQuality "1"]

1. d4 Nf6 2. Bg5 Ne4 3. Bf4 d5 4. e3 c5 5. Bd3 cxd4 6. Bxe4 dxe4 7. Qxd4 Qxd4 8. exd4 Nc6 9. Nc3 Bf5 10. 0-0-0 e6 11. d5 exd5 12. Nxd5 0-0-0 13. Ne2 Bg4 14. Rhe1 Nb4 15. Nxb4 Bxb4 16. c3 Rxd1+ 17. Kxd1 Rd8+ 18. Kc2 Bc5 19. Be3 Bxe3 20. fxe3 Kc7 21. Nd4 h5 22. c4 g6 23. b4 Bd7 24. Kc3 h4 25. c5 f5 26. a3 b6 27. Kc4 bxc5 28. Kxc5 Rc8 29. Kd5 Rd8 30. Ke5 Rf8 31. Rc1+ Kd8 32. g3 hxg3 33. hxg3 Ke7 34. Rc7 a6 35. Ra7 Rc8 36. Rxa6 Rc3 37. Rxg6 Rxe3 38. Rg7+ Kd8 39. Kd6 Be8 40. Ne6+ Kc8 41. Rg8 Rd3+ 42. Ke7 Rd7+ 43. Kxe8 e3 44. Nf4 Kc7 45. Rg6 Rd8+ 46. Ke7 Rd7+ 47. Ke6 Rd4 48. Kxf5 Kd7 49. Rg7+ Kd6 50. Rg8 Kd7 51. Rg7+ Kd6 52. Rg6+ Kd7 53. Re6 Rc4 54. Rxe3 Rc1 55. g4 Rc8 56. g5 Rf8+ 57. Kg4 Rg8 58. g6 1-0